000 00587nam a2200205Ia 4500
005 20250508162934.0
008 008 250505s9999 xx 000 0 eng d
020 _a0-335-19133-9
037 _aTextual
040 _aFEDL
_beng
_cFEDL
041 _aeng
_2eng
084 _a507, WOO
_qFEDL
100 _aWoolnough Brian E
_9774455
245 0 _aEffective science teaching
260 _aBuckingham, UK
_bOpen University Press
_c1994
300 _a124p
490 _aDeveloping science and technology education
942 _cTEXL
_h507, WOO
999 _c1379548
_d1379548